| 000 | 00605nam a22001817a 4500 | ||
|---|---|---|---|
| 005 | 20171016115008.0 | ||
| 010 | _aENG-120998 | ||
| 020 |
_a9789381039205 _c1675.00 |
||
| 035 | _aEN-104530 | ||
| 037 | _bDBAD/PUB | ||
| 082 | _a667.3 | ||
| 100 | _aPanda, Himadri | ||
| 245 |
_aA concise guide on textile dyes, pigments and dye intermediates with textile printing technology / _cby Himadri Panda |
||
| 260 |
_aDelhi _bnpcs (NIIR Project Consultancy Service) _c2013 |
||
| 270 |
_a106-E,Kamla Nagar _bDelhi _e110007 |
||
| 300 |
_a488p. : _c22cm(pbk) _bill. |
||
| 942 |
_2ddc _cEN _h667.3 _mPAN |
||
| 999 |
_c146651 _d146651 |
||